000 00890nam a2200253Ia 4500
003 OSt
005 20220923222627.0
006 a|||||r|||| 00| 0
007 ta
008 220922b |||||||| |||| 00| 0 hin d
024 _a206,592
037 _cTextual
040 _aARTS
_cARTS
_bhin
041 _2hin
_ahin
082 _aO152,6M48x, H7;L3.2
100 _aभट्ट, बालकृष्ण; भट्ट, धनंजय, सरल, संपा.
_9167129
245 0 _aनिबंधमाला
246 _aNibandhamālā
250 _aसंस्क 2
260 _aकाशी
_b नागरी प्रचारिणी सभा
_c1973
300 _a150पृ.
_ccm.
942 _hO152,6M48x, H7;L3.2
_cTEXL
_2CC
999 _c357234
_d357234